Martinský príklad aktivita SZM v Stredoslov. kraji

Bibliographic Details
Main Author: Kurák, Vladimír (Author)
Format: Article
Language:Slovak
Subjects:

MARC

LEADER 00000nab a2200000 a 4500
001 vtls008955475
003 SK-MaSNL
005 20260426105300.0
008 060801 19770423xo d 000 0 slo
015 |a SNBRB1977 
040 |a SNKBUCL  |b slo  |c SNKBUCL  |e AACR2 
041 0 |a slo 
044 |a xo  |c SK 
080 |a 329.78(437.6)  |2 2001 
100 1 |a Kurák, Vladimír  |4 aut  |9 1002154 
245 1 0 |a Martinský príklad  |b aktivita SZM v Stredoslov. kraji  |c Vladimír Kurák 
610 2 7 |a Socialistický zväz mládeže  |2 snkbucl  |9 51618 
651 7 |a Martin (Slovensko)  |2 snkbucl  |9 16875 
651 7 |a Stredoslovenský kraj (Slovensko)  |2 snkbucl  |9 161135 
773 0 |t Smena  |g (23.4.1977), s. 1. a 2. 
999 |c 3347172  |d 3349102